Figure skating spin quiz- Sudden Death - Statistics

General Stats
  • This quiz has been taken 351 times
  • The average score is 8 of 15
Answers on the Grid
Answers color-coded by a green-red scale on the quiz's grid according to % correct below.
Spiral
Camel
Trickspin
Illusion
Topspin
Twirl-around
Beillman
Broken Leg
Teacup
Asterlain
Sit spin
Scratch spin
Backscratch
Backspin
Trusova
Scherbakova
A-Frame
Lyrical Spin
Scrunchie
Bullet Spin
Wolf Spin
Back-Full Spin
Catchfoot Spin
Sabor Spin
Layback Spin
Haircutter Spin
Y- Spin
I- Spin
M- Spin
T- Spin
 
Answer Stats
Answer % Correct
Camel
89%
Beillman
72%
Sit spin
68%
Broken Leg
61%
Backspin
58%
Layback Spin
58%
Illusion
54%
Y- Spin
53%
Scratch spin
48%
I- Spin
46%
Catchfoot Spin
43%
Backscratch
41%
Haircutter Spin
36%
A-Frame
34%
Bullet Spin
22%
No matching quizzes found
Score Distribution
Percent of People with Each Score
Percentile by Number Answered
Your Score History
You have not taken this quiz